000
00201nam a2200109Ia 4500
100
_a
SHERDEN/A.
942
_c
BK
245
_a
THE FORTUNE SELLERS
260
_b
#N/A
546
_a
ENGLISH
999
_c
22517
_d
22517